Die letzten Güter der Familie Baron Maydell in Estland und Livland

Titel: Die letzten Güter der Familie Baron Maydell in Estland und Livland / [Eduard Maydell ...]
Beteiligt:
Veröffentlicht: [Hamburg], 1971
Umfang: 146 S. : zahlr. Ill., Kt.
Format: Buch
Sprache: Deutsch
Kein Bild verfügbar
X
Lokale Klassifikation: 2 M 653 ; LR 56 ; 44 4 D
alg: 11947847
001A    $03004:12-03-04 
001B    $01999:21-05-23 $t01:51:09.000 
001C    $06002:06-03-06 $t18:00:09.000 
001D    $03004:12-03-04 
001U    $0utf8 
001X    $00 
002@    $0Aau 
003@    $0119478471 
003O    $0176823150 $aOCoLC 
007A    $0119478471 $aHEB 
007T    $0Herdhh119478471 
010@    $ager 
011@    $a1971 
013H    $0z 
021A    $aDie @letzten Güter der Familie Baron Maydell in Estland und Livland $h[Eduard Maydell ...] 
028C    $7 $8Maydell, Eduard$cvon [Tnx] $9169351335 
033A    $p[Hamburg] 
034D    $a146 S. 
034M    $azahlr. Ill., Kt. 
045F    $a929.09479 $eDDC23BSB 
045F/01 $a929 
045F/03 $g479 

lok: 11947847 24
101B    $025-06-14 $t14:42:37.000 
101C    $012-03-04 
101U    $0utf8 
145Z/01 $a2 M 653 
145Z/02 $aLR 56 
145Z/03 $a44 4 D 

exp: 11947847 24 1 #EPN
201B/01 $027-04-09 $t13:31:28.000 
201C/01 $012-03-04 
201U/01 $0utf8 
203@/01 $0210727098 
208@/01 $a12-03-04 $br 
209A/01 $a2 M 653 $de $f050 $h2 M 653 $x00 
209A/01 $aVermisst $x01 
209C/01 $a3161 G 72 $h72 3161 G 
209G/01 $a70690691 $x00 
220C/01 $aneu 
247C/01 $8358050-7 Marburg, Bibliothek des Herder-Instituts Marburg $9102600961 

exp: 11947847 24 2 #EPN
201B/02 $025-06-14 $t14:42:37.000 
201C/02 $025-06-14 
201U/02 $0utf8 
203@/02 $0733539971 
208@/02 $a25-06-14 $bz 
209A/02 $aLR/ B 572 $dd $f050 $hLR B 572 $x00 
209A/02 $aLivländische Ritterschaft $x01 
209A/02 $aBaltische Ritterschaften $x02 
209A/02 $aTransehe-Roseneck $x03 
209G/02 $a73488680 $x00 
220C/02 $acer 
244Z/02 $7128964324 $8--Tp1--$PMaydell$lFamilie $x01 $9120794365 
247C/02 $8358050-7 Marburg, Bibliothek des Herder-Instituts Marburg $9102600961 

lok: 11947847 78

exp: 11947847 78 1 #EPN
201B/01 $019-04-17 $t19:21:58.000 
201U/01 $0utf8 
203@/01 $079376646X 
208@/01 $a12-11-16 $be 
209A/01 $a/ $f000 $x00 
237A/01 $aweiterführende Signatur(en): Herder-Institut: 2 M 653 
244Z/01 $2Trx $#Estija $#Igaunija $#Estland $#Estonia $#Estonia $#Estónsko $#Estonsko $8--Trx--Eesti $x01 $9391237225 
244Z/01 $2Trx $#Latvija $#Lettland $#Łotwa $#Lotyšsko $8--Trx--Latvija $x02 $9391275879 
244Z/01 $2Trx $#Maydel $#Maidel $8--Trx--$PMaydell$lFamilie $x03 $9390525960 
244Z/01 $2Trx $#dzieło zbiorowe $8--Trx--Sammelwerk $x04 $9391384597 
247C/01 $82080>Marburg/Lahn, Herder-Institut, Forschungsbibliothek, Bibliographieportal $9336309341
LEADER 00000cam a2200000 c 4500
001 119478471
003 DE-603
005 20230521015109.0
007 tu
008 040312s1971 xx |||| | u00||u|ger c
035 |a (DE-599)HEB119478471 
035 |a (OCoLC)176823150 
040 |a DE-603  |b ger  |c DE-603  |d DE-603 
041 |a ger 
082 0 4 |8 1\u  |a 929.09479  |q DE-101  |2 23/BSB 
085 |8 1\u  |b 929 
085 |8 1\u  |z 2  |s 479 
245 0 0 |a ˜Dieœ letzten Güter der Familie Baron Maydell in Estland und Livland  |c [Eduard Maydell ...] 
264 1 |a [Hamburg]  |c 1971 
300 |a 146 S.  |b zahlr. Ill., Kt. 
700 1 |a Maydell, Eduard von  |0 (DE-603)169351335 
924 0 |9 Mb 50  |a (DE-603)210727098  |b DE-Mb50  |c HES  |d d  |g 2 M 653 
924 0 |9 Mb 50  |a (DE-603)733539971  |b DE-Mb50  |c HES  |d d  |g LR/ B 572 
924 0 |9 2080  |a (DE-603)79376646X  |b DE-2080  |c HES  |d d  |g /